[Event "Zt"]
[Site "masterchessopen.com Bad Pyrmont (Germany)"]
[Round "6"]
[White "Pomar Salamanca Arturo (ESP)"]
[Black "Prins Lodewijk (NED)"]
[Result "0-1"]
[WhiteElo "2345"]
[BlackElo "2220"]

1.d4 Nf6 2.c4 e6 3.Nc3 Bb4 4.e3 b6 5.Ne2 Ba6 6.a3 Be7 7.Ng3 d5 8.Qf3 c6 9.cxd5
Nxd5 10.Bxa6 Nxa6 11.Bd2 O-O 12.O-O Rc8 13.Rfd1 b5 14.e4 Nb6 15.Nce2 Qd7
16.Nh5 f5 17.Qg3 Rf7 18.d5 cxd5 19.Bc3 Bd6 20.f4 Nc5 21.exf5 exf5 22.Be5 Ne4
23.Qb3 a6 24.Nd4 Bc5 25.Re1 Nc4 26.Rad1 Qa7 27.Qd3 Nxb2 28.Qh3 Nxd1 29.Rxd1
Bxd4+ 30.Bxd4 Qxd4+ {#R} 0-1

[Event "Ch World (match)"]
[Site "masterchessopen.com Moscow (Russia)"]
[Round "17"]
[White "Botvinnik Mikhail M (RUS)"]
[Black "Bronstein David I (RUS)"]
[Result "0-1"]
[WhiteElo "2630"]
[BlackElo "2432"]

1.d4 Nf6 2.c4 e6 3.Nc3 Bb4 4.e3 b6 5.Ne2 Ba6 6.a3 ( 6.Ng3 Bxc3+ 7.bxc3 d5
8.Ba3 Bxc4 9.Bxc4 dxc4 10.Qa4+ Qd7 11.Qxc4 Qc6 { ?/= } ) 6...Be7 7.Ng3 ( 7.Nf4
d5 8.cxd5 Bxf1 9.Kxf1 exd5 10.g4 g5 { = } ) 7...d5 8.cxd5 Bxf1 9.Nxf1 exd5
10.Ng3 Qd7 11.Qf3 Nc6 12.O-O g6 13.Bd2 ( { ? } 13.b4 ) 13...O-O 14.Nce2 h5 { !
} 15.Rfc1 h4 16.Nf1 Ne4 17.Nf4 a5 { ! } 18.Rc2 Bd8 19.Be1 Ne7 20.Qe2 Nd6 21.f3
g5 22.Nd3 Qe6 23.a4 Ng6 24.h3 f5 25.Bc3 Bf6 26.Re1 Rae8 27.Qd1 Rf7 28.b3 Rfe7
29.Bb2 f4 { ! } 30.Ne5 ( 30.Nf2 fxe3 31.Ng4 Bg7 32.Rxe3 Qf7 { ?/? } ) (
30.exf4 Qxe1 31.Nxe1 Rxe1 32.Qd3 Nxf4 33.Qa6 Nf5 { ? } ) 30...Bxe5 ( 30...Nxe5
{ ? } 31.dxe5 Bxe5 32.exf4 Bd4+ 33.Qxd4 Qxe1 34.Qh8+ Kf7 35.Qf6+ Kg8 ) 31.dxe5
Nf7 32.exf4 { ? } ( 32.Nh2 { ? } ) 32...Nxf4 33.Nh2 c5 34.Ng4 d4 35.Nf6+ { ??
} ( 35.Re4 Qxb3 { ?/? } ) 35...Qxf6 {#R} 0-1

[Event "Ch World (match)"]
[Site "masterchessopen.com Moscow (Russia)"]
[Round "2"]
[White "Botvinnik Mikhail M (RUS)"]
[Black "Smyslov Vassily (RUS)"]
[Result "1-0"]
[WhiteElo "2630"]
[BlackElo "2494"]

1.d4 Nf6 2.c4 e6 3.Nc3 Bb4 4.e3 b6 5.Ne2 Ba6 6.a3 Be7 7.Nf4 d5 8.cxd5 Bxf1
9.Kxf1 exd5 ( 9...Nxd5 { ? } 10.Ncxd5 { ! } 10...exd5 11.Qh5 c6 12.Ne6 g6
13.Qe5 Bf6 14.Nxd8+ Bxe5 15.Nxf7 { P } ) 10.g4 { ! } ( 10.Qf3 { ?! } 10...c6
11.g4 O-O { = } ) 10...c6 { ? } ( 10...g5 11.Nh5 Nxh5 12.gxh5 Qd7 13.Qf3 c6
14.e4 { I } ) 11.g5 Nfd7 { ? } ( 11...Ne4 12.Nxe4 dxe4 13.h4 Bd6 14.Nh5 O-O
15.Qg4 { ? ?f6± } ) 12.h4 { P } 12...Bd6 { ?! } ( 12...O-O 13.e4 dxe4 14.Nxe4
Nc5 15.Nxc5 bxc5 16.Be3 { P } ) 13.e4 { ! } 13...dxe4 14.Nxe4 Bxf4 15.Bxf4 O-O
16.h5 { ! } 16...Re8 ( 16...Na6 17.h6 g6 18.Qa4 Nc7 19.Qxc6 { +?? } ) 17.Nd6
Re6 ( { ? } 17...Nf8 18.Nxe8 Qxe8 { ? ?e4 } ) 18.d5 { +?? } 18...Rxd6 (
18...cxd5 19.Qxd5 Na6 20.Nxf7 { ! } 20...Kxf7 21.g6+ hxg6 22.hxg6+ Ke7 23.Bd6+
{ ! } 23...Kf6 24.Qf3+ Kxg6 25.Rg1+ Kh7 26.Qf5+ { +?? } ) 19.Bxd6 Qxg5 20.Qf3
{ ! } 20...Qxd5 ( 20...cxd5 21.Rg1 Qh4 22.Rg4 Qd8 23.Rc1 { +?? } ) 21.Qxd5
cxd5 22.Rc1 Na6 23.b4 h6 24.Rh3 Kh7 25.Rd3 Nf6 26.b5 Nc5 27.Bxc5 bxc5 28.Rxc5
Rb8 29.a4 Rb7 30.Rdc3 {#r} 1-0

[Event "It"]
[Site "masterchessopen.com Zurich (Switzerland)"]
[Round "9"]
[White "Walther Edgar (SUI)"]
[Black "Kupper Josef (SUI)"]
[Result "0-1"]
[WhiteElo "2254"]
[BlackElo "2374"]

1.d4 Nf6 2.c4 e6 3.Nc3 Bb4 4.e3 b6 5.Ne2 Ba6 6.a3 Be7 7.Nf4 O-O 8.e4 d6 9.d5
exd5 10.cxd5 Bxf1 11.Kxf1 a5 12.h4 Nbd7 13.g4 Nc5 14.f3 Qc8 15.Nce2 Nfxe4
16.g5 h6 17.gxh6 Nf6 18.Rg1 g6 19.h5 Nxh5 20.Qc2 Bf6 21.Rxg6+ fxg6 22.Qxg6+
Ng7 23.h7+ Kh8 24.Qh6 Qf5 25.Ng6+ Qxg6 26.Qxg6 Be5 27.Ng1 Rf6 28.Qc2 Nf5
29.Bg5 Rf7 30.Re1 Raf8 31.f4 Bxf4 32.Bxf4 Nd4 33.Qg6 Rxf4+ 34.Kg2 R4f6 35.Qg5
Nd3 36.Re4 Nf4+ 37.Kh2 Rg6 38.Qe7 Rh6+ 39.Nh3 Rxh3+ 40.Kg1 Rg3+ 41.Kh2 Rh3+
42.Kg1 Nf3+ 43.Kf2 Ng6 44.Qxc7 Ng5+ 45.Kg2 Rxh7 46.Qc3+ Ne5 47.Rg4 Rg7 48.Rh4+
Kg8 {#R} 0-1

[Event "Ch Club Argentino"]
[Site "masterchessopen.com Buenos Aires (Argentina)"]
[Round "0"]
[White "Lipiniks Leonardo (PAR)"]
[Black "Pachman Ludek (GER)"]
[Result "0-1"]
[WhiteElo "1848"]
[BlackElo "2278"]

1.d4 Nf6 2.c4 e6 3.Nc3 Bb4 4.e3 b6 5.Ne2 Ba6 6.a3 Be7 7.Nf4 d5 8.cxd5 Bxf1
9.dxe6 Ba6 10.exf7+ Kxf7 11.Qb3+ Ke8 12.Ne6 Qd7 13.e4 Nc6 14.d5 Na5 15.Qc2 Bd8
16.Bg5 c6 17.O-O-O Kf7 18.Rhe1 h6 19.e5 hxg5 20.exf6 Bxf6 21.Qf5 Kg8 22.Ne4
Qf7 23.dxc6 Bxb2+ 24.Kxb2 Qxf5 25.c7 Qb5+ 26.Ka1 Nb3+ 27.Ka2 Nc1+ 28.Rxc1 Qd5+
{#R} 0-1

[Event "Ch URS"]
[Site "masterchessopen.com Moscow (Russia)"]
[Round "0"]
[White "Ilivitzki Georgi A (RUS)"]
[Black "Keres Paul (EST)"]
[Result "1-0"]
[WhiteElo "2380"]
[BlackElo "2580"]

1.d4 Nf6 2.c4 e6 3.Nc3 Bb4 4.e3 b6 5.Ne2 Ba6 6.Nf4 O-O 7.Bd3 c5 8.O-O cxd4
9.exd4 Bxc3 10.bxc3 Qc7 11.Qf3 Nc6 12.c5 Bxd3 13.Nxd3 Na5 14.Bf4 Qc6 15.Qxc6
dxc6 16.Bd6 Rfc8 17.f3 Nc4 18.Bg3 Nd5 19.Rfc1 Na3 20.Nb4 f6 21.Kf2 bxc5
22.Nxd5 cxd5 23.Bd6 Nc4 24.Bxc5 Nb2 25.Ke3 Na4 26.c4 Nxc5 27.dxc5 Rxc5 28.cxd5
Rxd5 29.Rc7 Ra5 30.a4 Rb8 31.Rd1 Rb3+ 32.Kf4 Rf5+ 33.Kg3 Rg5+ 34.Kh3 h6
35.Rxa7 Rb2 36.g4 h5 37.Rd3 f5 38.Kh4 Rg6 39.Rd8+ Kh7 40.Raa8 Rh6 41.g5 f4
{#r} 1-0

[Event "Ch Manhattan Chess Club"]
[Site "masterchessopen.com New York (USA)"]
[Round "12"]
[White "Feuerstein Arthur (USA)"]
[Black "Bisguier Arthur B (USA)"]
[Result "0-1"]
[WhiteElo "2100"]
[BlackElo "2237"]

1.d4 Nf6 2.c4 e6 3.Nc3 Bb4 4.e3 b6 5.Ne2 Ba6 6.a3 Be7 7.Nf4 O-O 8.Be2 d5
9.cxd5 Bxe2 10.Qxe2 exd5 11.O-O a5 12.b3 Re8 13.Qf3 c6 14.Bb2 Bd6 15.Rfc1 Ra7
16.Rc2 Rae7 17.Rac1 Ne4 18.Qg4 Nxc3 19.Rxc3 Re4 20.g3 Qe7 21.Qd1 Bxa3 22.Bxa3
Qxa3 23.Nd3 Qd6 24.Ne5 c5 25.f3 R4xe5 26.dxe5 Qxe5 27.Rd3 Nc6 28.Qd2 Nb4
29.Rdc3 h5 30.Kf2 Re6 31.Re1 Qf5 32.Kg2 h4 33.e4 h3+ 34.Kf1 Qf6 35.exd5 Rd6
36.Rce3 Rxd5 37.Re8+ Kh7 38.Qe2 g6 39.Rd1 Rf5 40.Kf2 Nc6 41.f4 Nd4 42.Qe4 Ne6
43.Kg1 Qb2 44.Qf3 Kg7 45.Rb8 b5 46.Qe4 Nxf4 47.Qa8 Qd4+ {#R} 0-1

[Event "Match \"]
[Site "masterchessopen.com Dortmund (Germany)"]
[Round "2"]
[White "Van Den Berg Carel B (NED)"]
[Black "Teschner Rudolf (GER)"]
[Result "0-1"]
[WhiteElo "2410"]
[BlackElo "2295"]

1.d4 Nf6 2.c4 e6 3.Nc3 Bb4 4.e3 b6 5.Ne2 Ba6 6.a3 Bxc3+ 7.Nxc3 d5 8.b3 O-O
9.Be2 dxc4 10.bxc4 Nc6 11.a4 Qd7 12.Nb5 Na5 13.O-O c6 14.Na3 c5 15.Bb2 Qe7
16.Qc2 Bb7 17.Rfd1 Rfd8 18.f3 Rac8 19.Bf1 h6 20.Rd2 cxd4 21.exd4 Bd5 22.Rc1
Qb4 23.Rdd1 Ne8 24.Qc3 Qxa4 25.Qd3 Nxc4 {#R} 0-1

[Event "It"]
[Site "masterchessopen.com Mar del Plata (Argentina)"]
[Round "0"]
[White "Lombardy William J (USA)"]
[Black "Keres Paul (EST)"]
[Result "0-1"]
[WhiteElo "2435"]
[BlackElo "2580"]

1.d4 Nf6 2.c4 e6 3.Nc3 Bb4 4.e3 b6 5.Ne2 Ba6 6.a3 Be7 7.Nf4 d5 8.cxd5 Bxf1
9.dxe6 ( 9.Kxf1 exd5 10.g4 g5 11.Nh5 Nxh5 12.gxh5 c6 13.Qf3 { = } ) 9...Ba6
10.exf7+ Kxf7 11.e4 c5 { ! } 12.Be3 ( 12.e5 Qxd4 { !? } ) ( 12.d5 Nbd7 13.Ne6
Qb8 14.f4 Re8 15.e5 Nxe5 { ? } ) 12...Nc6 13.Qb3+ c4 ( 13...Ke8 14.Qa4 { ! } )
14.Qd1 Bd6 { ! } ( 14...Rf8 { ?! } 15.e5 Ne8 16.Qf3 { ? } ) 15.e5 Nxe5 16.dxe5
Bxe5 17.Nfd5 Re8 18.Nxf6 Qxf6 19.O-O { ! } 19...Bb7 20.Qg4 Qe6 21.Qxe6+ Rxe6
22.Rad1 Bc6 { ?/? } 23.Bd4 Bc7 24.f3 b5 25.Rfe1 Rxe1+ 26.Rxe1 a5 27.Ne4 h6
28.Bf2 Re8 ( 28...b4 29.axb4 axb4 30.Bc5 { !? } ) 29.Bd4 ( 29.Bg3 { ?! }
29...Bxg3 30.hxg3 Bxe4 31.fxe4 b4 { ? } ) 29...b4 30.axb4 axb4 31.Bc5 Bxe4 { !
} 32.fxe4 ( 32.Rxe4 Rxe4 33.fxe4 b3 34.Bd4 Ke6 { ! } 35.Kf2 Be5 36.Ke3 c3 {
!??+ Keres } ) 32...Be5 ( 32...b3 { ! } 33.Bd4 Ba5 34.Re2 Rd8 35.Be5 Rd7 { ? ?
?e6 } ) 33.Rc1 { ? } ( 33.Bxb4 Bxb2 34.Kf1 ( 34.Kf2 Bd4+ 35.Kf3 Rb8 { ! }
36.Rd1 Be5 { ? } ) 34...Kf6 35.Re2 Be5 36.g3 Rb8 { !? } ) 33...c3 { ! } (
33...Bxb2 { ? } 34.Rxc4 Rc8 35.Rxb4 { ! } ) 34.bxc3 Bxc3 35.Rf1+ Ke6 36.Rb1
Rb8 { ! } 37.Kf2 b3 38.Ke2 b2 39.Kd3 Be5 40.g3 Rd8+ 41.Ke3 {#R} 0-1

[Event "Ch World (match)"]
[Site "masterchessopen.com Moscow (Russia)"]
[Round "13"]
[White "Botvinnik Mikhail M (RUS)"]
[Black "Smyslov Vassily (RUS)"]
[Result "1-0"]
[WhiteElo "2630"]
[BlackElo "2494"]

1.c4 Nf6 2.Nc3 e6 3.d4 Bb4 4.e3 b6 5.Ne2 Ba6 6.a3 Bxc3+ 7.Nxc3 d5 8.b3 O-O
9.a4 c5 10.Ba3 dxc4 11.bxc4 Nc6 12.Nb5 Bb7 13.Be2 Ne4 14.Bf3 Ng5 { ?! } (
14...Na5 ) 15.Bxc6 { ! } 15...Bxc6 16.f3 a6 17.Nc3 f5 18.O-O Qf6 19.Qd3 Rfd8
20.d5 Nf7 21.e4 exd5 22.cxd5 Bd7 23.Bb2 Ne5 24.Qe2 f4 25.Nd1 b5 26.Nf2 c4 (
26...Qd6 27.Rfc1 Nc4 28.Rxc4 bxc4 29.Qxc4 { ± } ) 27.axb5 axb5 28.Qd2 Rac8
29.Rfc1 { ! } 29...Re8 30.Bc3 Rc7 31.Kh1 Rb7 32.Ra2 h5 33.Rca1 b4 34.Bxb4 Qb6
35.Bc3 Qe3 36.Nd1 Qxd2 37.Rxd2 Nd3 38.Bd4 Reb8 39.Nc3 Rb3 40.h4 R8b7 41.Ra8+
{#r} 1-0

[Event "Olympiad (students) (team)"]
[Site "masterchessopen.com Reykjavik (Iceland)"]
[Round "1"]
[White "Saidy Anthony F (USA)"]
[Black "Marszalek Rafal (POL)"]
[Result "0-1"]
[WhiteElo "2336"]
[BlackElo "2200"]

1.d4 Nf6 2.c4 e6 3.Nc3 Bb4 4.e3 b6 5.Ne2 Ba6 6.Ng3 Bxc3+ 7.bxc3 d5 8.cxd5 Bxf1
9.Nxf1 Qxd5 10.f3 c5 11.Ng3 O-O 12.O-O Nc6 13.Qe2 cxd4 14.cxd4 Rac8 15.Ba3
Rfd8 16.Rac1 Qa5 17.Qd3 Nb4 18.Qb3 Nbd5 19.e4 Nf4 20.Qe3 Qg5 21.Kh1 N6h5
22.Rfe1 Nxg3+ 23.hxg3 Qxg3 24.Qd2 Qg5 25.Red1 Rxc1 26.Bxc1 Rxd4 {#R} 0-1

[Event "Zt"]
[Site "masterchessopen.com Wageningen (Netherlands)"]
[Round "7"]
[White "Szabo Laszlo (HUN)"]
[Black "Troianescu Octav (ROM)"]
[Result "1-0"]
[WhiteElo "1903"]
[BlackElo "2330"]

1.d4 Nf6 2.c4 e6 3.Nc3 Bb4 4.e3 b6 5.Ne2 Ba6 6.a3 Be7 7.Nf4 d5 8.b3 O-O 9.Qf3
c6 10.g4 Nbd7 11.g5 Ne8 12.cxd5 Bxf1 13.dxe6 Ba6 14.exd7 Qxd7 15.Rg1 Nd6
16.Bb2 Rac8 17.O-O-O Bb7 18.Kb1 c5 19.d5 c4 20.b4 a5 21.Nh5 axb4 22.Nf6+ Bxf6
23.gxf6 g6 24.axb4 Ra8 25.e4 Rfd8 26.h4 Nb5 27.h5 Nxc3+ 28.Qxc3 Qe8 29.Rde1
Kf8 30.hxg6 fxg6 31.f7 Qxf7 32.Rg3 Ke8 33.Rf3 Qe7 34.Qxc4 Qd7 35.d6 {#r} 1-0

[Event "Olympiad"]
[Site "masterchessopen.com Munich (Germany)"]
[Round "8"]
[White "Thorbergsson Freysteinn (ISL)"]
[Black "Van Den Broeck Hans (BEL)"]
[Result "1-0"]
[WhiteElo "2340"]
[BlackElo "2230"]

1.d4 Nf6 2.c4 e6 3.Nc3 Bb4 4.e3 b6 5.Ne2 Ba6 6.a3 Be7 7.Nf4 d5 8.b3 O-O 9.Be2
dxc4 10.bxc4 Nbd7 11.O-O e5 12.Nfd5 c6 13.Nxe7+ Qxe7 14.a4 Rfd8 15.Ba3 Qe6
16.Qb3 Bb7 17.Rad1 Nf8 18.a5 N8d7 19.d5 Qf5 20.a6 Bxa6 21.dxc6 Nc5 22.Bxc5
bxc5 23.Qa4 Rxd1 24.Rxd1 Re8 25.Qxa6 {#r} 1-0

[Event "Ch Bulgaria"]
[Site "masterchessopen.com Sofia (Bulgaria)"]
[Round "0"]
[White "Filchev Rusko"]
[Black "Kolarov Atanas S (BUL)"]
[Result "0-1"]
[WhiteElo "2200"]
[BlackElo "2415"]

1.d4 Nf6 2.c4 e6 3.Nc3 Bb4 4.e3 b6 5.Ne2 Ba6 6.a3 Be7 7.Nf4 d5 8.b3 O-O 9.Qf3
c6 10.g4 Ne8 11.h4 Nd6 12.cxd5 Bxf1 13.Kxf1 cxd5 14.g5 Nc6 15.Bd2 Rc8 16.Qh3
Na5 17.Rb1 Rc6 18.g6 hxg6 19.h5 g5 20.Ng6 Re8 21.Ne5 Rc8 22.h6 g6 23.h7+ Kh8
24.Nb5 Rf8 25.Nxa7 Rc2 26.Bxa5 bxa5 27.Nac6 Qc7 28.Nxe7 Qxe7 29.Qh6 Ne4 30.Rh2
Nd2+ 31.Kg2 Nxb1 32.Rh3 Nd2 33.Rg3 Ne4 34.Rf3 Rcc8 35.Rxf7 Qxf7 36.Nxf7+ Rxf7
37.f4 gxf4 38.Kf3 fxe3+ {#R} 0-1

[Event "It"]
[Site "masterchessopen.com Bogota (Colombia)"]
[Date "1958.02.02"]
[Round "10"]
[White "De Greif Boris (COL)"]
[Black "Davila Edmundo (NCA)"]
[Result "1-0"]
[WhiteElo "2255"]
[BlackElo "2213"]

1.d4 Nf6 2.c4 e6 3.Nc3 Bb4 4.e3 b6 5.Ne2 Ba6 6.a3 Be7 7.Nf4 O-O 8.e4 d6 9.Bd3
c5 10.d5 e5 11.Nfe2 Bc8 12.O-O Nh5 13.f4 Nxf4 14.Nxf4 exf4 15.e5 Nd7 16.exd6
Bxd6 17.Bxf4 Bxf4 18.Rxf4 Nf6 19.Qf3 a6 20.Rf1 Qd6 21.Qe2 Nd7 22.Rh4 Nf6
23.Rhf4 Nd7 24.Rf5 f6 25.Qe6+ Qxe6 26.dxe6 Ne5 27.Rxe5 fxe5 28.Bxh7+ Kxh7
29.Rxf8 Bb7 30.e7 {#r} 1-0

[Event "It"]
[Site "masterchessopen.com Buenos Aires (Argentina)"]
[Round "0"]
[White "Polo Gomez Vicente (ARG)"]
[Black "Sanguinetti Raul (ARG)"]
[Result "0-1"]
[WhiteElo "2212"]
[BlackElo "2485"]

1.c4 Nf6 2.Nc3 e6 3.d4 Bb4 4.e3 b6 5.Ne2 Ba6 6.a3 Bxc3+ 7.Nxc3 d5 8.Qf3 O-O
9.g4 c6 10.g5 Nfd7 11.cxd5 cxd5 12.e4 Bxf1 13.Kxf1 Nc6 14.Be3 e5 15.exd5 Nxd4
16.Qd1 Rc8 17.Bxd4 exd4 18.Qxd4 Qxg5 19.Rg1 Qe5 20.Rd1 Rfd8 21.Rg3 g6 22.Ne4
Rc1 23.Rd3 Rxd1+ 24.Rxd1 Qxh2 25.d6 Re8 26.Ng3 Ne5 27.Qxe5 Rxe5 28.d7 Qh3+
29.Kg1 Re1+ {#R} 0-1

[Event "Ch URS"]
[Site "masterchessopen.com Tbilisi (Georgia)"]
[Round "2"]
[White "Geller Efim P (RUS)"]
[Black "Keres Paul (EST)"]
[Result "1-0"]
[WhiteElo "2455"]
[BlackElo "2580"]

1.d4 Nf6 2.c4 e6 3.Nc3 Bb4 4.e3 b6 5.Ne2 Ba6 6.Ng3 h5 7.h4 Bb7 8.Bd2 a6 9.Qc2
d5 10.cxd5 Nxd5 11.Nxd5 Bxd2+ 12.Qxd2 Qxd5 13.Rc1 Nc6 14.Be2 O-O-O 15.Bf3 Qd7
16.O-O Ne7 17.Bxb7+ Kxb7 18.Rc3 e5 { ? } ( 18...Ng6 19.Rfc1 Rc8 ( 19...c5
20.Qe2 { ! } ) ) 19.Rfc1 exd4 20.Rxc7+ Qxc7 21.Rxc7+ Kxc7 22.exd4 Nd5 23.Qd3
g6 ( 23...Kb7 24.Qf3 ) 24.Qxa6 Rd7 25.Ne4 Re8 26.Nc3 Nxc3 27.bxc3 Re6 28.a4
Rc6 29.a5 b5 30.Qxb5 Rxc3 31.Qb6+ Kc8 32.a6 Rcc7 33.d5 Rd8 34.d6 Rc1+ 35.Kh2
Kd7 36.Qb7+ Kxd6 37.Qxf7 Rc5 38.Qf6+ {#r} 1-0

[Event "Zt"]
[Site "masterchessopen.com Budapest (Hungary)"]
[Round "0"]
[White "Raisa Unto (FIN)"]
[Black "Matanovic Aleksandar (SRB)"]
[Result "0-1"]
[WhiteElo "2130"]
[BlackElo "2490"]

1.d4 Nf6 2.c4 e6 3.Nc3 Bb4 4.e3 b6 5.Ne2 Ba6 6.a3 Bxc3+ 7.Nxc3 d5 8.b3 O-O
9.Bd3 c5 10.Bb2 cxd4 11.exd4 Nc6 12.Nb5 Bb7 13.c5 Ne8 14.Be2 a6 15.Nc3 bxc5
16.dxc5 Qh4 17.O-O Nf6 18.b4 Rad8 19.g3 Qh3 20.f3 e5 21.Re1 Nd4 22.Bf1 Qf5
23.f4 Ne4 24.Na4 Nc6 25.Bg2 exf4 26.Rf1 g5 27.gxf4 g4 28.Qe1 Rfe8 29.Rd1 Re6
30.Qh4 Rde8 31.Nb6 Ne7 32.Nd7 Ng6 33.Bxe4 Qxe4 34.Qg3 d4 35.Rd2 Nxf4 36.Qxg4+
Rg6 37.Nf6+ Kf8 38.Nxe4 Rxg4+ 39.Ng3 Nh3# 0-1

[Event "Olympiad (students) (team)"]
[Site "masterchessopen.com Leningrad (Russia)"]
[Round "15"]
[White "Hallerod Ralph (SWE)"]
[Black "Csiszar Albert (HUN)"]
[Result "0-1"]
[WhiteElo "2122"]
[BlackElo "1822"]

1.d4 Nf6 2.c4 e6 3.Nc3 Bb4 4.e3 b6 5.Ne2 Ba6 6.a3 Be7 7.Ng3 d5 8.b3 O-O 9.Be2
dxc4 10.bxc4 Nc6 11.Bf3 Qd7 12.Qa4 Bb7 13.O-O Na5 14.Bxb7 Nxb7 15.Qxd7 Nxd7
16.Nge4 Na5 17.Nd2 c5 18.dxc5 Nxc5 19.a4 Ncb3 20.Nxb3 Nxb3 21.Ra2 Rac8 22.Ba3
Bxa3 23.Rxa3 Nd2 24.Rd1 Nxc4 25.Rb3 Rfd8 26.Rxd8+ Rxd8 27.g3 Rd3 28.e4 Kf8
29.Kg2 Ke8 {#R} 0-1

[Event "Olympiad (students) (team)"]
[Site "masterchessopen.com Leningrad (Russia)"]
[Round "7"]
[White "Hallerod Ralph (SWE)"]
[Black "Zuidema Coen (NED)"]
[Result "0-1"]
[WhiteElo "2122"]
[BlackElo "2450"]

1.d4 Nf6 2.c4 e6 3.Nc3 Bb4 4.e3 b6 5.Ne2 Ba6 6.a3 Bxc3+ 7.Nxc3 d5 8.b3 O-O
9.Bd3 c5 10.dxc5 dxc4 11.bxc4 bxc5 12.Ne4 Bxc4 13.Nxc5 Qa5+ 14.Bd2 Qxc5 15.Bb4
Qd5 16.Bxc4 Qxg2 17.Rf1 Rc8 18.Be2 Nc6 19.Bf3 Qg5 20.h4 Qe5 21.Rb1 Rd8 22.Bd2
Ne4 23.Bxe4 Qxe4 24.Rg1 Nd4 {#R} 0-1

[Event "Ch OWL (juniors) (under 18)"]
[Site "masterchessopen.com Buende (Germany)"]
[Round "0"]
[White "Hildebrand Gerald (GER)"]
[Black "Diekmann Hans-Joachim Dr (GER)"]
[Result "0-1"]
[WhiteElo "2160"]
[BlackElo "2175"]

1.d4 e6 2.c4 Nf6 3.Nc3 Bb4 4.e3 b6 5.Ne2 Ba6 6.a3 Bxc3+ 7.Nxc3 d5 8.b3 O-O
9.Be2 dxc4 10.bxc4 Nc6 11.a4 Na5 12.Nb5 c6 13.Na3 Qe7 14.O-O Rfd8 15.Qc2 c5
16.Bb2 Nc6 17.Rfd1 Nb4 18.Qb3 Bb7 19.Nc2 a5 20.Ne1 Rac8 21.Nd3 Nd7 22.Ne5 Nxe5
23.dxe5 Qg5 24.Bf1 Be4 25.Rd6 Rxd6 26.exd6 Rd8 27.f4 Qg6 28.Bc3 Bc2 29.Qb2
Rxd6 30.Bxb4 cxb4 31.Qe5 Rd8 32.Qc7 Qf6 33.Qxb6 b3 34.c5 Rf8 35.Re1 Qc3 36.Re2
b2 {#R} 0-1

[Event "It"]
[Site "masterchessopen.com Hague (Netherlands)"]
[Round "0"]
[White "Van Herck Marcel (BEL)"]
[Black "Sorensen Bent (DEN)"]
[Result "0-1"]
[WhiteElo "2112"]
[BlackElo "2341"]

1.d4 Nf6 2.c4 e6 3.Nc3 Bb4 4.e3 b6 5.Ne2 Ba6 6.a3 Be7 7.Nf4 d5 8.cxd5 Bxf1
9.Kxf1 exd5 10.Qf3 c6 11.Bd2 Qc8 12.Rc1 Qf5 13.Ke2 Bd6 14.Qh3 Qxh3 15.Nxh3
Nbd7 16.b4 O-O 17.Na4 Rfc8 18.Rc2 b5 19.Nc5 Nxc5 20.dxc5 Bc7 21.a4 bxa4 22.Ra2
a5 23.Rxa4 axb4 24.Rxb4 Ra2 25.Rhb1 Ne4 26.R4b2 Rca8 27.Ke1 Nxc5 28.Ke2 Ne4
29.Rxa2 Rxa2 30.Rb7 Bd6 {#R} 0-1

[Event "Ch Lithuania"]
[Site "masterchessopen.com Lithuania"]
[Round "0"]
[White "Lapienis Donatas (LTU)"]
[Black "Rakhinshteyn Fima (CAN)"]
[Result "1-0"]
[WhiteElo "2282"]
[BlackElo "2086"]

1.d4 Nf6 2.c4 e6 3.Nc3 Bb4 4.e3 b6 5.Ne2 Ba6 6.a3 Be7 7.Nf4 d5 8.cxd5 Bxf1
9.Kxf1 exd5 10.g4 g5 11.Nh5 Nxh5 12.gxh5 Qd7 13.Qf3 c6 14.e4 dxe4 15.Nxe4 Qxd4
16.Bxg5 Bxg5 17.Nxg5 Qc4+ 18.Kg2 Rg8 19.h4 h6 20.Rhc1 Rxg5+ 21.hxg5 Qb5
22.Re1+ Kf8 23.g6 Qd5 24.Qxd5 cxd5 25.Re8+ {#r} 1-0

[Event "Ch USA"]
[Site "masterchessopen.com New York (USA)"]
[Round "0"]
[White "Saidy Anthony F (USA)"]
[Black "Fischer Robert J (USA)"]
[Result "0-1"]
[WhiteElo "2336"]
[BlackElo "2780"]

1.c4 Nf6 2.Nc3 e6 3.d4 Bb4 4.e3 b6 5.Ne2 Ba6 6.Ng3 Bxc3+ 7.bxc3 d5 8.Qf3 O-O
9.e4 dxc4 10.Bg5 h6 11.Bd2 Nbd7 12.e5 Nd5 13.Nf5 exf5 14.Qxd5 Re8 15.Bxc4 Nxe5
16.Qxd8 Nxc4+ 17.Qxe8+ Rxe8+ 18.Kd1 Nxd2 19.Kxd2 Re2+ 20.Kc1 Rxf2 21.g3 Bb7
22.Re1 Be4 23.Re3 Rxh2 24.a4 h5 25.Ra3 g5 26.Rb3 f6 27.a5 h4 28.axb6 axb6
29.gxh4 Rxh4 30.Ra3 Rh7 31.Ra7 Re7 32.d5 Kf7 33.Kd2 f4 34.Re1 f5 35.c4 g4
36.Rb7 g3 37.d6 cxd6 38.Rxb6 f3 {#R} 0-1

[Event "It"]
[Site "masterchessopen.com Zinnowitz (Germany)"]
[Round "10"]
[White "Ghitescu Theodor (ROM)"]
[Black "Liebert Heinz (GER)"]
[Result "1-0"]
[WhiteElo "2384"]
[BlackElo "2247"]

1.d4 Nf6 2.c4 e6 3.Nc3 Bb4 4.e3 b6 5.Ne2 Ba6 6.a3 Be7 7.Nf4 O-O 8.d5 exd5
9.cxd5 Bxf1 10.Kxf1 Bd6 11.e4 Re8 12.f3 c6 13.Nfe2 Be5 14.g4 d6 15.Kg2 Bxc3
16.Nxc3 cxd5 17.g5 d4 18.Qxd4 Nc6 19.Qa4 b5 20.Qxb5 Nd4 21.Qa4 Nxf3 22.Kxf3
Nd7 23.Rf1 Nc5 24.Qc4 Rc8 25.Kg2 Qd7 26.Qd5 {#r} 1-0

[Event "Olympiad Moscow"]
[Site "masterchessopen.com Bulgaria"]
[Round "0"]
[White "Radev Nikolai (BUL)"]
[Black "Popov Venci (MKD)"]
[Result "1-0"]
[WhiteElo "2304"]
[BlackElo "2375"]

1.d4 Nf6 2.c4 e6 3.Nc3 Bb4 4.e3 b6 5.Ne2 Ba6 6.a3 Be7 7.Nf4 d5 8.cxd5 Bxf1
9.Kxf1 Nxd5 10.Ncxd5 exd5 11.Qb3 c6 12.Bd2 Nd7 13.Rc1 Rc8 14.Qa4 g5 15.Nh5 Qc7
16.h4 O-O 17.hxg5 Bxg5 18.Rh3 Kh8 19.Ke2 Rg8 20.Qc2 Rg6 21.Qf5 Kg8 22.Rg3 Bh6
23.Qxd7 Qxd7 24.Nf6+ Kg7 25.Rxg6+ hxg6 26.Nxd7 f6 27.Rh1 Rh8 28.e4 {#r} 1-0

[Event "Ch City"]
[Site "masterchessopen.com Budapest (Hungary)"]
[Round "13"]
[White "Kluger Gyula (HUN)"]
[Black "Toth Bela (ITA)"]
[Result "1-0"]
[WhiteElo "2250"]
[BlackElo "2345"]

1.d4 Nf6 2.c4 e6 3.Nc3 Bb4 4.e3 b6 5.Ne2 Ba6 6.Ng3 O-O 7.e4 d5 8.cxd5 Bxc3+
9.bxc3 Bxf1 10.Kxf1 exd5 11.e5 Ne4 12.f3 Ng5 13.Qd3 Ne6 14.f4 f6 15.f5 fxe5
16.Kg1 Qf6 17.Ba3 Nf4 18.Qf3 c5 19.Rf1 g5 20.h4 h6 21.hxg5 hxg5 22.dxe5 Qxe5
23.Bc1 Nd7 24.Qg4 Qg7 25.Bxf4 gxf4 26.Rxf4 Nf6 27.Qf3 Rae8 28.Nh5 Re1+ 29.Kf2
Nxh5 30.Rxh5 Rfe8 31.Rg4 R8e2+ 32.Kg3 Re3 33.Rxg7+ Kxg7 34.f6+ Kg6 35.Rg5+ Kf7
36.Rg7+ Kf8 37.Qxe3 Rxe3+ 38.Kf4 Rxc3 39.g4 d4 40.g5 d3 41.Rd7 Rc4+ 42.Kf3 Rc1
43.Rxd3 Kf7 44.Rd7+ Ke6 45.Rxa7 {#r} 1-0

[Event "It \"]
[Site "masterchessopen.com Beverwijk (Netherlands)"]
[Round "6"]
[White "Pomar Salamanca Arturo (ESP)"]
[Black "Langeweg Kick (NED)"]
[Result "1-0"]
[WhiteElo "2345"]
[BlackElo "2309"]

1.d4 Nf6 2.c4 e6 3.Nc3 Bb4 4.e3 b6 5.Ne2 Ba6 6.Qa4 c5 7.a3 Bxc3+ 8.Nxc3 O-O
9.dxc5 bxc5 10.Be2 d5 11.O-O Bxc4 12.Bxc4 dxc4 13.Rd1 Nbd7 14.Qxc4 Qe7 15.e4
Ne5 16.Qa6 c4 17.Bf4 Qc5 18.Bxe5 Qxe5 19.Qxc4 Ng4 20.h3 Qh2+ 21.Kf1 Ne5 22.Qd4
Ng6 23.f3 f5 24.Qg1 Qe5 25.Qf2 Qh2 26.Rd2 Ne5 27.Rad1 Rac8 28.exf5 Nc4 29.Rd7
Rxf5 30.Rd8+ Rf8 31.Rxc8 Rxc8 32.Qe2 Qe5 33.Qxe5 Nxe5 34.Ke2 Nc4 35.Na4 Kf7
36.Rc1 e5 37.b3 Nd6 38.Rxc8 Nxc8 39.Kd3 Nd6 40.Nc5 h5 41.b4 Kg6 42.Ne4 {#r}
1-0